Natural language computing : an English generative grammar in Prolog
Αποθηκεύτηκε σε:
| Κύριος συγγραφέας: | |
|---|---|
| Μορφή: | Βιβλίο |
| Γλώσσα: | English |
| Δημοσίευση: |
Hillsdale, NJ :
Lawrence Erlbaum Associates,
c1994
|
| Θέματα: | |
| Ετικέτες: |
Προσθήκη ετικέτας
Δεν υπάρχουν, Καταχωρήστε ετικέτα πρώτοι!
|
MARC
| LEADER | 00000cam a2200000 i 4500 | ||
|---|---|---|---|
| 001 | 1/72676 | ||
| 008 | 050304s1994 eng d | ||
| 020 | |a 0-8058-1525-2 (hbk.) | ||
| 035 | |l 10076886 | ||
| 040 | |a GR-MY-UA |b gre |e aacr | ||
| 041 | 0 | |a eng | |
| 082 | 0 | |a 425.0285 |2 (21) | |
| 100 | 1 | |a Dougherty, Ray C. | |
| 245 | 1 | 0 | |a Natural language computing : |b an English generative grammar in Prolog / |c Ray C. Dougherty |
| 260 | |a Hillsdale, NJ : |b Lawrence Erlbaum Associates, |c c1994 | ||
| 300 | |a xlvi, 349 σ.; |b πίν.; |c 23 εκ. | ||
| 504 | |a Περιλαμβάνει βιβλιογραφικές αναφορές και ευρετήριο | ||
| 650 | 0 | 0 | |a English language |x Grammar, Generative |x Data processing. |
| 650 | 0 | 0 | |a Natural language processing (Computer science) |
| 852 | |a INST |b CHIOS |e 20050304 |h 425.0285 DOU |p 005200021908 |q 005200021908 |t BK |y 0 | ||
| 852 | |a INST |b CHIOS |e 20050304 |h 425.0285 DOU |p 005200022402 |q 005200022402 |t BK |y 0 | ||
| 901 | |a BIBL2-2005-1 | ||
| 909 | |a Χ |b 112993 | ||
| 909 | |a Χ |b 118818 | ||
| 920 | |a ΔΙΕΥΡΥΝΣΗ |b ΕΠΕΑΕΚ-ΤΜΟΔ |y ΧΙΟΣ |z 2004-12 | ||
| 970 | |a ΣΑΛΑΜΟΥΡΑ |b ΜΑΡΙΑ |z 2005/03/04 | ||